All Incorporated Municipalities of Erie County, Pennsylvania - Statistics

General Stats
  • This quiz has been taken 34 times
  • The average score is 32 of 38
Answer Stats
Answer % Correct
Erie
100%
Girard
100%
Girard
100%
Corry
92%
Edinboro
92%
Fairview
92%
Harborcreek
92%
Millcreek
92%
North East
92%
North East
92%
Union
92%
Waterford
92%
Waterford
92%
Wesleyville
92%
Albion
88%
McKean
88%
McKean
88%
Springfield
88%
Wattsburg
88%
Cranesville
83%
Elgin
83%
Union City
83%
Conneaut
79%
Greene
79%
Lawrence Park
79%
Summit
79%
Washington
79%
Franklin
75%
Lake City
75%
Mill Village
75%
Platea
75%
Venango
75%
Amity
71%
Greenfield
71%
LeBoeuf
71%
Wayne
71%
Concord
67%
Elk Creek
67%
No matching quizzes found
Score Distribution
Percent of People with Each Score
Percentile by Number Answered
Your Score History
You have not taken this quiz